LIBRARY & INFORMATION CENTRE, KCAET, TAVANUR

ONLINE PUBLIC ACCESS CATALOGUE (OPAC)

Biomass studeis: field methods for monitoring biomass / (Record no. 7493)

MARC details
000 -LEADER
fixed length control field 00552cam a2200193ua 4500
020 ## - INTERNATIONAL STANDARD BOOK NUMBER
ISBN 81-204-1113-4
041 ## - LANGUAGE CODE
Language code of text/sound track or separate title eng
082 ## - DEWEY DECIMAL CLASSIFICATION NUMBER
Classification number 665.776
Item number SHA/BI
100 ## - MAIN ENTRY--AUTHOR NAME
Personal name Shailaja, Ravindranath .
245 ## - TITLE STATEMENT
Title Biomass studeis: field methods for monitoring biomass /
250 ## - EDITION STATEMENT
Edition statement 1 /
260 ## - PUBLICATION, DISTRIBUTION, ETC. (IMPRINT)
Place of publication New Delhi :
Name of publisher Oxford & IBH Publishing company ,
Year of publication 1997.
300 ## - PHYSICAL DESCRIPTION
Number of Pages 206 ; .
700 1# - ADDED ENTRY--PERSONAL NAME
Personal name Sudha, Premnath .
942 ## - ADDED ENTRY ELEMENTS (KOHA)
Koha item type Books
Holdings
Withdrawn status Lost status Damaged status Home library Current library Date acquired Full call number Accession Number Koha item type
      KAUAET KAUAET 07/04/2012 665.776 20042 Books
free website counter